[Event "Charlesbourg Capablanca op"]
[Site "Charlesbourg CAN"]
[Date "2004.01.24"]
[Round "3"]
[White "Bonneau, Daniel"]
[Black "Arteau, Benoit"]
[Result "1/2-1/2"]
[WhiteElo "1920"]
[BlackElo "1798"]
[PlyCount "41"]
[GameId "2160767911031698"]
[EventDate "2005.01.10"]
[EventType "swiss"]
[EventRounds "5"]
[EventCountry "CAN"]

1. e4 c5 2. b3 Nf6 3. e5 Nd5 4. Bb2 Nc6 5. Nf3 e6 6. Bb5 Qc7 7. O-O Be7 8. Re1 O-O 9. Nc3 Nxc3 10. Bxc3 d5 11. exd6 Bxd6 12. Bxc6 Qxc6 13. Qe2 f6 14. Bb2 e5 15. Rad1 b5 16. h3 Rb8 17. d3 Bb7 18. Qe4 Qa6 19. Qf5 Bc8 20. Qe4 Bb7 21. Qf5 1/2-1/2

[Event "Charlesbourg Capablanca op"]
[Site "Charlesbourg CAN"]
[Date "2004.01.24"]
[Round "3"]
[White "Bourassa, Samuel"]
[Black "Laplante, Jean-Simon"]
[Result "1-0"]
[WhiteElo "1709"]
[BlackElo "1408"]
[PlyCount "47"]
[GameId "2160767911031699"]
[EventDate "2005.01.10"]
[EventType "swiss"]
[EventRounds "5"]
[EventCountry "CAN"]

1. e4 c5 2. Nc3 d6 3. f4 Nc6 4. g3 g6 5. Bg2 Bg7 6. Nge2 e6 7. d3 Nge7 8. Be3 O-O 9. O-O Nd4 10. Rb1 d5 11. e5 Nef5 12. Bf2 f6 13. g4 Ne7 14. Nxd4 cxd4 15. Bxd4 fxe5 16. Bxe5 Bxe5 17. fxe5 Qb6+ 18. Kh1 Rxf1+ 19. Qxf1 Nc6 20. Nxd5 exd5 21. Bxd5+ Kg7 22. Qf6+ Kh6 23. g5+ Kh5 24. Bf3+ 1-0

[Event "Charlesbourg Capablanca op"]
[Site "Charlesbourg CAN"]
[Date "2004.01.24"]
[Round "3"]
[White "Fecteau, Martin"]
[Black "Caron, Sebastien"]
[Result "1/2-1/2"]
[WhiteElo "2026"]
[BlackElo "1798"]
[PlyCount "104"]
[GameId "2160767911031700"]
[EventDate "2005.01.10"]
[EventType "swiss"]
[EventRounds "5"]
[EventCountry "CAN"]

1. e4 e5 2. Nf3 Nc6 3. Bb5 a6 4. Ba4 Nf6 5. O-O b5 6. Bb3 Be7 7. a4 Bb7 8. d3 d6 9. h3 Na5 10. Ba2 c5 11. Nc3 Qd7 12. Be3 O-O 13. Qd2 b4 14. Ne2 Bc6 15. b3 Nb7 16. c4 Kh8 17. Ng3 g6 18. Bh6 Rg8 19. Nh2 Ne8 20. f4 f6 21. fxe5 dxe5 22. Rad1 Nbd6 23. Be3 Rd8 24. Bxc5 Nxc4 25. Qxb4 Qd4+ 26. Bxd4 Bxb4 27. bxc4 Rxd4 28. Bb3 Rf8 29. Ng4 Kg7 30. Kh2 Nc7 31. Ne3 Rd7 32. Nd5 Bc5 33. Bc2 Ne6 34. Ne2 Rb7 35. Rb1 Rfb8 36. a5 Rxb1 37. Rxb1 Rxb1 38. Bxb1 Bxd5 39. exd5 Nd4 40. Nc3 Nb3 41. Ne4 f5 42. Ng5 Nd4 43. Bc2 h6 44. Ne6+ Nxe6 45. dxe6 Kf6 46. Ba4 Kxe6 47. Bc6 Bb4 48. Bb7 Bxa5 49. Bxa6 Kd6 50. Kg1 Kc5 51. Kf1 Kd4 52. Ke2 Bb6 1/2-1/2

[Event "Charlesbourg Capablanca op"]
[Site "Charlesbourg CAN"]
[Date "2004.01.24"]
[Round "3"]
[White "Gago, Nelson"]
[Black "Laflamme, Simon"]
[Result "0-1"]
[WhiteElo "1834"]
[BlackElo "1925"]
[PlyCount "94"]
[GameId "2160767911031701"]
[EventDate "2005.01.10"]
[EventType "swiss"]
[EventRounds "5"]
[EventCountry "CAN"]

1. e4 c5 2. Nc3 e6 3. Nf3 Nc6 4. Bc4 a6 5. a3 d6 6. O-O Nf6 7. d4 cxd4 8. Nxd4 Qc7 9. Nxc6 bxc6 10. Bf4 e5 11. Be3 Be7 12. Qe2 O-O 13. h3 a5 14. f3 Be6 15. Rfd1 Rab8 16. b3 Rfd8 17. a4 Nh5 18. g4 Nf4 19. Bxf4 exf4 20. Bxe6 fxe6 21. Qc4 d5 22. exd5 exd5 23. Qd3 Bc5+ 24. Kh2 Re8 25. Re1 Re3 26. Rxe3 fxe3+ 27. Kg2 Qe5 28. Rh1 Bd6 29. Ne2 Rf8 30. Qd4 Qe7 31. h4 Qe6 32. h5 c5 33. Qd3 d4 34. h6 g6 35. Rh3 Qe5 36. Qc4+ Kh8 37. Qa6 Bc7 38. Qc6 Qd6 39. Qe4 Qd7 40. Rh1 Re8 41. Qd3 Qd6 42. Qc4 Rf8 43. Qb5 Rxf3 44. Rh3 Rf2+ 45. Kg1 Qf8 46. Ng3 Bxg3 47. Rxg3 e2 0-1

[Event "Charlesbourg Capablanca op"]
[Site "Charlesbourg CAN"]
[Date "2004.01.24"]
[Round "3"]
[White "Lapierre, Gaetan"]
[Black "Beaudoin, Stephane"]
[Result "0-1"]
[WhiteElo "1918"]
[BlackElo "2041"]
[PlyCount "56"]
[GameId "2160767911031702"]
[EventDate "2005.01.10"]
[EventType "swiss"]
[EventRounds "5"]
[EventCountry "CAN"]

1. Nf3 Nf6 2. c4 e6 3. g3 d5 4. Bg2 Bd6 5. Nc3 O-O 6. cxd5 exd5 7. O-O c6 8. d3 Re8 9. e4 Na6 10. exd5 cxd5 11. d4 h6 12. Ne5 Be6 13. f4 Bb4 14. f5 Bc8 15. g4 Qb6 16. Kh1 Bxc3 17. bxc3 Ne4 18. Bxe4 dxe4 19. f6 Be6 20. g5 hxg5 21. Bxg5 Bd5 22. Be3 Rxe5 23. dxe5 Qe6 24. Bd4 e3+ 25. Kg1 g6 26. Rf3 Qg4+ 27. Rg3 Qe4 28. Rxe3 Qg2# 0-1

[Event "Charlesbourg Capablanca op"]
[Site "Charlesbourg CAN"]
[Date "2004.01.24"]
[Round "3"]
[White "Lessard, Claude"]
[Black "Filiatreault, Michel"]
[Result "0-1"]
[WhiteElo "1938"]
[BlackElo "1858"]
[PlyCount "44"]
[GameId "2160767911031703"]
[EventDate "2005.01.10"]
[EventType "swiss"]
[EventRounds "5"]
[EventCountry "CAN"]

1. d4 Nf6 2. Bg5 Ne4 3. Bh4 d5 4. f3 Nd6 5. Nd2 c6 6. e4 Qb6 7. Bd3 dxe4 8. fxe4 g6 9. Ngf3 Bg7 10. O-O Bg4 11. h3 Bxf3 12. Nxf3 Nd7 13. e5 Nxe5 14. Nxe5 Qxd4+ 15. Bf2 Qxe5 16. Re1 Qf6 17. c3 O-O 18. Bd4 Qg5 19. Be3 Qa5 20. Qf3 Rad8 21. Bf4 e5 22. Bg5 e4 0-1

[Event "Charlesbourg Capablanca op"]
[Site "Charlesbourg CAN"]
[Date "2005.01.31"]
[Round "4"]
[White "Arteau, Benoit"]
[Black "Cote, Jocelyn"]
[Result "1/2-1/2"]
[WhiteElo "1798"]
[BlackElo "1731"]
[PlyCount "52"]
[GameId "2160767911031704"]
[EventDate "2005.01.10"]
[EventType "swiss"]
[EventRounds "5"]
[EventCountry "CAN"]

1. d4 Nf6 2. c4 e6 3. Nc3 d5 4. Bg5 dxc4 5. e3 a6 6. Bxc4 b5 7. Bd3 Bb7 8. Nf3 c5 9. dxc5 Bxc5 10. Rc1 Nbd7 11. O-O h6 12. Bh4 Qb6 13. Qe2 O-O 14. Rfd1 Rac8 15. a3 Qa7 16. b4 Bb6 17. h3 Bc7 18. Rc2 Ba8 19. Rdc1 Qb7 20. e4 Bf4 21. Nd2 g5 22. Bg3 Bxg3 23. fxg3 Ne5 24. Rf1 Qe7 25. Nf3 Nxd3 26. Qxd3 Rfd8 1/2-1/2

[Event "Charlesbourg Capablanca op"]
[Site "Charlesbourg CAN"]
[Date "2005.01.31"]
[Round "4"]
[White "Beaudoin, Stephane"]
[Black "Laflamme, Simon"]
[Result "1/2-1/2"]
[WhiteElo "2041"]
[BlackElo "1925"]
[PlyCount "85"]
[GameId "2160767911031705"]
[EventDate "2005.01.10"]
[EventType "swiss"]
[EventRounds "5"]
[EventCountry "CAN"]

1. e4 c6 2. d4 d5 3. Nc3 dxe4 4. Nxe4 Bf5 5. Ng3 Bg6 6. N1e2 Nf6 7. Nf4 e5 8. Nxg6 hxg6 9. Be3 Nbd7 10. Be2 Bd6 11. Qd2 Qc7 12. O-O-O exd4 13. Bxd4 Bf4 14. Be3 Bxe3 15. Qxe3+ Qe5 16. Qxe5+ Nxe5 17. f4 Ned7 18. Bf3 O-O-O 19. h3 Nb6 20. Rhe1 Rxd1+ 21. Kxd1 Rd8+ 22. Kc1 Nbd5 23. f5 g5 24. a3 Rd7 25. Nh5 Nxh5 26. Bxh5 Nf4 27. Bf3 Kd8 28. Re4 Nd5 29. Rd4 Ne7 30. Ra4 Nxf5 31. Bg4 Rd5 32. Rxa7 Nd6 33. Ra8+ Kc7 34. Rg8 g6 35. Rg7 Re5 36. b3 Re7 37. Rg8 Ne8 38. Kd2 Kd6 39. c4 Ke5 40. Bf3 Kd4 41. Rh8 Nf6 42. Ra8 Nd7 43. Rd8 1/2-1/2

[Event "Charlesbourg Capablanca op"]
[Site "Charlesbourg CAN"]
[Date "2005.01.31"]
[Round "4"]
[White "Bluteau, Yvon"]
[Black "Fecteau, Martin"]
[Result "0-1"]
[WhiteElo "1684"]
[BlackElo "2026"]
[PlyCount "83"]
[GameId "2160767911031706"]
[EventDate "2005.01.10"]
[EventType "swiss"]
[EventRounds "5"]
[EventCountry "CAN"]

1. d4 d5 2. Nf3 Nf6 3. Bf4 e6 4. e3 Bd6 5. Ne5 Nc6 6. Nd2 Bd7 7. c3 Ne7 8. Bd3 Ng6 9. Nxg6 hxg6 10. Bxd6 cxd6 11. Qb3 Bc6 12. O-O-O Qd7 13. Rde1 O-O-O 14. f3 Kb8 15. Kb1 Rc8 16. Rc1 e5 17. dxe5 dxe5 18. Rcd1 Ba4 19. Qb4 Bxd1 20. Rxd1 Rxh2 21. Nb3 Qc7 22. Bf1 Ka8 23. a4 g5 24. a5 Rh4 25. g4 Rh1 26. Nd2 Qc5 27. Qb3 Qxa5 28. Kc2 Rhh8 29. Bd3 Rc6 30. Kc1 Rb6 31. Qc2 Qa1+ 32. Nb1 a5 33. Qg2 e4 34. fxe4 dxe4 35. Bc4 Rc8 36. Rd4 Rh8 37. Rd2 Qa4 38. b3 Qc6 39. Ra2 Qd6 40. Rxa5+ Kb8 41. Qa2 Rh1+ 42. Kb2 0-1

[Event "Charlesbourg Capablanca op"]
[Site "Charlesbourg CAN"]
[Date "2005.01.31"]
[Round "4"]
[White "Bourassa, Samuel"]
[Black "Lessard, Claude"]
[Result "0-1"]
[WhiteElo "1709"]
[BlackElo "1938"]
[PlyCount "80"]
[GameId "2160767911031707"]
[EventDate "2005.01.10"]
[EventType "swiss"]
[EventRounds "5"]
[EventCountry "CAN"]

1. e4 c5 2. Nc3 d6 3. f4 a6 4. g3 g6 5. Bg2 Bg7 6. Nge2 h5 7. d3 Nc6 8. Be3 Nh6 9. h3 Be6 10. d4 Bc4 11. Rb1 Bxe2 12. Nxe2 cxd4 13. Nxd4 Nxd4 14. Bxd4 e5 15. Bc3 Qb6 16. Qd2 O-O 17. Rf1 Rac8 18. Qf2 Qb5 19. Qd2 Rxc3 20. Qxc3 exf4 21. Qb3 Qa5+ 22. Kf2 fxg3+ 23. Kxg3 Be5+ 24. Kf2 Qc5+ 25. Ke2 Kg7 26. c3 b5 27. a4 f5 28. axb5 axb5 29. Qe6 f4 30. Rf3 Nf7 31. Rd1 Qa7 32. Rfd3 Ng5 33. Qxe5+ dxe5 34. Rd7+ Qxd7 35. Rxd7+ Rf7 36. Rxf7+ Kxf7 37. h4 Ne6 38. Bf3 Nc5 39. Kd2 Kf6 40. b4 Nb7 0-1

[Event "Charlesbourg Capablanca op"]
[Site "Charlesbourg CAN"]
[Date "2005.01.31"]
[Round "4"]
[White "Caron, Sebastien"]
[Black "Crepault, Francois"]
[Result "1-0"]
[WhiteElo "1798"]
[BlackElo "1540"]
[PlyCount "67"]
[GameId "2160767911031708"]
[EventDate "2005.01.10"]
[EventType "swiss"]
[EventRounds "5"]
[EventCountry "CAN"]

1. e4 d5 2. exd5 Nf6 3. d4 Bg4 4. f3 Bf5 5. Bd3 Bxd3 6. Qxd3 Qxd5 7. Nc3 Qd7 8. d5 Na6 9. a3 Rd8 10. Be3 Nxd5 11. Nge2 Qe6 12. Nxd5 Rxd5 13. Qb3 Re5 14. Qxb7 f6 15. O-O-O Rxe3 16. Nf4 Qe5 17. Rd8+ Kf7 18. Nd3 Qe6 19. Qb5 g5 20. h4 Bg7 21. Rxh8 Bxh8 22. hxg5 Kg7 23. gxf6+ Qxf6 24. Rh5 h6 25. Rf5 Qh4 26. Qd5 Qh1+ 27. Kd2 Qxg2+ 28. Kxe3 Qg1+ 29. Ke4 Qg6 30. Ke3 Qg1+ 31. Ke4 Kh7 32. Rf7+ Bg7 33. Rxe7 Qd1 34. Qf5+ 1-0

[Event "Charlesbourg Capablanca op"]
[Site "Charlesbourg CAN"]
[Date "2005.01.31"]
[Round "4"]
[White "Coulon, Dominic"]
[Black "Marois, Remi"]
[Result "1-0"]
[WhiteElo "1775"]
[BlackElo "1524"]
[PlyCount "46"]
[GameId "2160767911031709"]
[EventDate "2005.01.10"]
[EventType "swiss"]
[EventRounds "5"]
[EventCountry "CAN"]

1. e4 c5 2. Nf3 d6 3. d4 cxd4 4. Nxd4 Nf6 5. Nc3 a6 6. Bc4 e6 7. Bb3 b5 8. Bg5 Be7 9. Qf3 Bb7 10. Bxe6 fxe6 11. Nxe6 Qd7 12. Nxg7+ Kf7 13. Bxf6 Bxf6 14. Nh5 Qe6 15. O-O Nd7 16. Nd5 Bxd5 17. exd5 Qe5 18. Rae1 Qg5 19. Re6 Kg6 20. Nf4+ Kg7 21. Rxf6 Nxf6 22. Ne6+ Kg6 23. Nxg5 Kxg5 1-0

[Event "Charlesbourg Capablanca op"]
[Site "Charlesbourg CAN"]
[Date "2005.01.31"]
[Round "4"]
[White "Filiatreault, Michel"]
[Black "Bonneau, Daniel"]
[Result "1-0"]
[WhiteElo "1858"]
[BlackElo "1920"]
[PlyCount "133"]
[GameId "2160767911031710"]
[EventDate "2005.01.10"]
[EventType "swiss"]
[EventRounds "5"]
[EventCountry "CAN"]

1. f4 e5 2. fxe5 d6 3. Nf3 dxe5 4. Nc3 Nc6 5. e3 Be6 6. Be2 Bc5 7. O-O f6 8. Bb5 Qd6 9. Ne4 Qd5 10. Nxc5 Qxc5 11. Ba4 O-O-O 12. Bb3 Bg4 13. h3 Bh5 14. Qe1 Nge7 15. c3 e4 16. Be6+ Kb8 17. Nd4 Qd6 18. Bb3 Na5 19. Bc2 c5 20. Nf5 Nxf5 21. Rxf5 Bg6 22. Rf4 Rhe8 23. Qe2 Nc6 24. a4 f5 25. a5 Ne5 26. a6 b6 27. Rf1 Nd3 28. Bxd3 Qxd3 29. Qf2 Re5 30. Qf4 Rde8 31. b4 c4 32. Rf2 b5 33. Ra5 Kc8 34. h4 Qd7 35. Qg5 Qd8 36. Qf4 Bh5 37. d4 exd3 38. Rxb5 Rxb5 39. Qxc4+ Qc7 40. Qxb5 Bg6 41. Rxf5 Bxf5 42. Qxe8+ Qd8 43. Qxd8+ Kxd8 44. Kf2 Kc7 45. Kf3 Kb6 46. e4 Be6 47. Ke3 Bc4 48. Kd4 Bxa6 49. c4 Bc8 50. Kxd3 Kc6 51. b5+ Kb7 52. Be3 a6 53. bxa6+ Kxa6 54. Kd4 Kb6 55. Kd5+ Kc7 56. Bd4 g6 57. Ke5 Bb7 58. g4 Kd7 59. g5 Ke7 60. Bc5+ Kf7 61. Bb4 Bc6 62. Kd6 Bxe4 63. c5 Ke8 64. Ba5 Bb7 65. Ke6 Bc8+ 66. Kf6 Kf8 67. c6 1-0

[Event "Charlesbourg Capablanca op"]
[Site "Charlesbourg CAN"]
[Date "2005.01.31"]
[Round "4"]
[White "Lapointe, Daniel"]
[Black "Gago, Nelson"]
[Result "0-1"]
[WhiteElo "1526"]
[BlackElo "1834"]
[PlyCount "114"]
[GameId "2160767911031711"]
[EventDate "2005.01.10"]
[EventType "swiss"]
[EventRounds "5"]
[EventCountry "CAN"]

1. d4 d5 2. c4 c6 3. Nc3 e6 4. e3 Nf6 5. Bd3 Be7 6. Nf3 Nbd7 7. a3 O-O 8. Qc2 h6 9. b4 a5 10. Rb1 Nb6 11. Nd2 axb4 12. axb4 dxc4 13. Nxc4 Nbd5 14. Na2 Nd7 15. O-O Bf6 16. Nd6 e5 17. e4 N5b6 18. dxe5 Nxe5 19. Nxc8 Qxc8 20. Be2 Qe6 21. Nc3 Nec4 22. Rb3 Be5 23. Nd1 Nd6 24. f3 Ra1 25. Bb2 Ra2 26. Nc3 Raa8 27. b5 Nbc4 28. Bxc4 Nxc4 29. Bc1 Bd4+ 30. Kh1 Ra1 31. Ne2 Ba7 32. Rd1 cxb5 33. Rxb5 Qc6 34. Rbd5 Ne3 35. Qxc6 bxc6 36. Bxe3 Rxd1+ 37. Rxd1 Bxe3 38. Rd3 Bf2 39. Rc3 Rc8 40. h3 Kf8 41. Nf4 c5 42. Rc4 Ke7 43. g4 Kd6 44. Kg2 Bd4 45. Ne2 Bb2 46. Nf4 Kc6 47. Nd3 Bd4 48. Kf1 Ra8 49. Ke2 Ra2+ 50. Kf1 Rd2 51. Nf4 Rf2+ 52. Ke1 Rxf3 53. Ne2 Re3 54. Kd2 Rxe4 55. Nxd4+ Rxd4+ 56. Kc3 Rxc4+ 57. Kxc4 g5 0-1

[Event "Charlesbourg Capablanca op"]
[Site "Charlesbourg CAN"]
[Date "2005.02.07"]
[Round "5"]
[White "Beaudoin, Stephane"]
[Black "Filiatreault, Michel"]
[Result "1/2-1/2"]
[WhiteElo "2041"]
[BlackElo "1858"]
[PlyCount "114"]
[GameId "2160767911031712"]
[EventDate "2005.01.10"]
[EventType "swiss"]
[EventRounds "5"]
[EventCountry "CAN"]

1. e4 c5 2. Nf3 e6 3. d4 cxd4 4. Nxd4 a6 5. Be3 d6 6. Nc3 Nf6 7. f3 Nc6 8. Qd2 Be7 9. O-O-O Qc7 10. g4 Nxd4 11. Bxd4 e5 12. Be3 Be6 13. g5 Nh5 14. Nd5 Bxd5 15. exd5 Rc8 16. Bh3 Rb8 17. Bg4 Nf4 18. Bxf4 exf4 19. Qxf4 O-O 20. Qd2 Rfe8 21. f4 Qc4 22. Kb1 Bxg5 23. Rdf1 Bf6 24. h4 Re4 25. c3 b5 26. Bf5 Re2 27. Qd3 Qxd3+ 28. Bxd3 Re7 29. Re1 Rxe1+ 30. Rxe1 Bxh4 31. Rh1 g5 32. fxg5 Bxg5 33. Rxh7 Re8 34. Rh3 Kg7 35. Rg3 Re5 36. c4 bxc4 37. Bxc4 a5 38. Kc2 Kg6 39. Rb3 f5 40. Rb6 Be7 41. Ra6 f4 42. Rxa5 Kg5 43. Rb5 f3 44. a4 Re4 45. b3 f2 46. Bd3 Re3 47. Bc4 Bf6 48. Kd2 Re4 49. Be2 Kf4 50. a5 Bc3+ 51. Kd1 Ke3 52. Bf1 Kd4 53. Kc2 Re1 54. Bc4 f1=R 55. Bxf1 Rxf1 56. a6 Ra1 57. Rb6 Ra2+ 1/2-1/2

[Event "Charlesbourg Capablanca op"]
[Site "Charlesbourg CAN"]
[Date "2005.02.07"]
[Round "5"]
[White "Cote, Jocelyn"]
[Black "Caron, Sebastien"]
[Result "0-1"]
[WhiteElo "1731"]
[BlackElo "1798"]
[PlyCount "64"]
[GameId "2160767911031713"]
[EventDate "2005.01.10"]
[EventType "swiss"]
[EventRounds "5"]
[EventCountry "CAN"]

1. d4 Nf6 2. c4 d6 3. Nc3 g6 4. e4 Bg7 5. Be2 O-O 6. Be3 e5 7. d5 Ne8 8. f3 f5 9. Qd2 f4 10. Bf2 c5 11. Bd3 Na6 12. a3 Qa5 13. Qc1 Qd8 14. Nge2 Rb8 15. Nb5 Ra8 16. Qd2 Nac7 17. Nbc3 g5 18. O-O-O Bd7 19. Qc2 a6 20. b3 b5 21. Na2 bxc4 22. Bxc4 Nb5 23. Kb2 Rb8 24. a4 Nd4 25. Nxd4 exd4 26. Ka3 Qb6 27. Rb1 Nc7 28. Rhd1 Nb5+ 29. Bxb5 axb5 30. b4 Ra8 31. Rd3 Rxa4+ 32. Kb2 c4 0-1

[Event "Charlesbourg Capablanca op"]
[Site "Charlesbourg CAN"]
[Date "2005.02.07"]
[Round "5"]
[White "Fecteau, Martin"]
[Black "Gago, Nelson"]
[Result "1-0"]
[WhiteElo "2026"]
[BlackElo "1834"]
[PlyCount "99"]
[GameId "2160767911031714"]
[EventDate "2005.01.10"]
[EventType "swiss"]
[EventRounds "5"]
[EventCountry "CAN"]

1. e4 c6 2. d4 d5 3. Nc3 dxe4 4. Nxe4 Bf5 5. Ng3 Bg6 6. h4 h6 7. h5 Bh7 8. Nf3 Nf6 9. Bd3 Bxd3 10. Qxd3 e6 11. Bd2 Qc7 12. O-O-O Nbd7 13. Kb1 Bd6 14. Ne4 Nxe4 15. Qxe4 Nf6 16. Qe2 a5 17. c4 O-O 18. Ne5 Rfb8 19. g4 Bxe5 20. dxe5 Nh7 21. f4 b5 22. g5 hxg5 23. fxg5 bxc4 24. g6 Nf8 25. gxf7+ Qxf7 26. Qxc4 Rb5 27. Bc3 Rab8 28. Rdf1 Qb7 29. Rh2 Qa6 30. Qf4 R5b7 31. Rhf2 Rd8 32. Qe4 Rbd7 33. Kc2 Qb5 34. h6 gxh6 35. Rg1+ Rg7 36. Rxg7+ Kxg7 37. Rg2+ Kh8 38. Qf3 Qa4+ 39. Kc1 Qh4 40. Qf6+ Qxf6 41. exf6 Kh7 42. Rg7+ Kh8 43. f7 c5 44. Rg8+ Kh7 45. Bf6 Rb8 46. Be7 c4 47. Rxf8 Rxf8 48. Bxf8 Kg6 49. Bxh6 Kxf7 50. a4 1-0

[Event "Charlesbourg Capablanca op"]
[Site "Charlesbourg CAN"]
[Date "2005.02.07"]
[Round "5"]
[White "Laflamme, Simon"]
[Black "Lessard, Claude"]
[Result "1-0"]
[WhiteElo "1925"]
[BlackElo "1938"]
[PlyCount "82"]
[GameId "2160767911031715"]
[EventDate "2005.01.10"]
[EventType "swiss"]
[EventRounds "5"]
[EventCountry "CAN"]

1. e4 d6 2. d4 e5 3. Nf3 Bg4 4. dxe5 Bxf3 5. Qxf3 dxe5 6. Bc4 Qf6 7. Qb3 Nd7 8. Qxb7 Rb8 9. Qa6 Rb6 10. Qc8+ Qd8 11. Qxd8+ Kxd8 12. Bxf7 Ngf6 13. f3 Bc5 14. Bb3 Rf8 15. Nc3 Bd4 16. Bd2 Nc5 17. O-O-O a5 18. Be3 Rb4 19. a3 Nxb3+ 20. cxb3 Rxb3 21. Bxd4 exd4 22. Rxd4+ Ke7 23. Nd5+ Nxd5 24. Rxd5 Rfb8 25. Rd2 c5 26. Re1 c4 27. Ree2 c3 28. Rc2 cxb2+ 29. Rxb2 a4 30. Kb1 g5 31. g3 Ke6 32. f4 g4 33. Rxb3 Rxb3+ 34. Rb2 Rxa3 35. Rb6+ Kd7 36. Rh6 Re3 37. e5 Re2 38. Rxh7+ Kc6 39. Ra7 Kb5 40. Rb7+ Kc4 41. Rb2 Re4 1-0

[Event "Charlesbourg Capablanca op"]
[Site "Charlesbourg CAN"]
[Date "2005.02.07"]
[Round "5"]
[White "Lapierre, Gaetan"]
[Black "Arteau, Benoit"]
[Result "1-0"]
[WhiteElo "1918"]
[BlackElo "1798"]
[PlyCount "113"]
[GameId "2160767911031717"]
[EventDate "2005.01.10"]
[EventType "swiss"]
[EventRounds "5"]
[EventCountry "CAN"]

1. Nf3 d5 2. c4 e6 3. g3 dxc4 4. Bg2 Nf6 5. O-O c6 6. a4 Nbd7 7. Qc2 Bc5 8. Qxc4 O-O 9. b4 Be7 10. Ba3 Re8 11. Nc3 Nb6 12. Qb3 Bd7 13. Ne5 Rc8 14. d4 Nbd5 15. Rac1 Qb6 16. Nxd5 exd5 17. Nxd7 Nxd7 18. Bh3 Rcd8 19. e3 Nf6 20. Rb1 Ne4 21. Rfd1 a6 22. Bf1 Nd6 23. b5 axb5 24. axb5 Nxb5 25. Bxe7 Rxe7 26. Bxb5 cxb5 27. Qxb5 Qxb5 28. Rxb5 Red7 29. Rdb1 Rb8 30. Kf1 Kf8 31. Ke2 Ke7 32. Kd3 Kd6 33. f3 f5 34. R1b3 Kc6 35. Rc5+ Kd6 36. Rb6+ Ke7 37. e4 dxe4+ 38. fxe4 fxe4+ 39. Kxe4 Rbd8 40. Re5+ Kf7 41. d5 Re8 42. Rxe8 Kxe8 43. Ke5 Re7+ 44. Kd4 Kd8 45. d6 Rd7 46. Kd5 Rf7 47. Ke6 Rf6+ 48. Ke5 Rf7 49. g4 Kc8 50. Ke6 Rd7 51. Rb5 Rd8 52. Rc5+ Kb8 53. Ke7 Rg8 54. d7 b6 55. Rc1 Kb7 56. d8=Q Rxd8 57. Kxd8 1-0

[Event "Class ch"]
[Site "Vancouver CAN"]
[Date "2005.??.??"]
[Round "2"]
[White "Sladek, Vaclav"]
[Black "Davies, Lucas"]
[Result "1/2-1/2"]
[WhiteElo "2045"]
[BlackElo "2125"]
[PlyCount "53"]
[GameId "2160767911031419"]
[EventDate "2005.01.28"]
[EventType "swiss"]
[EventRounds "5"]
[EventCountry "CAN"]
[SourceTitle "EXT 2007"]
[Source "ChessBase"]
[SourceDate "2006.11.23"]
[SourceVersion "1"]
[SourceVersionDate "2006.11.23"]
[SourceQuality "1"]

1. d4 g6 2. c4 Bg7 3. Nf3 d6 4. Nc3 Nf6 5. e4 O-O 6. h3 e5 7. d5 Nbd7 8. Bg5 h6 9. Be3 Ne8 10. g4 a5 11. Rg1 Nc5 12. Be2 Kh7 13. Qc2 Qe7 14. O-O-O b6 15. Nd2 Bd7 16. Rg2 Kh8 17. Rh1 Rb8 18. h4 Rb7 19. h5 g5 20. f3 Kh7 21. Kd1 Nf6 22. Ke1 Ra8 23. Kf2 Be8 24. Nf1 Nfd7 25. Ng3 f6 26. Nf5 Qd8 27. b3 1/2-1/2

[Event "Class ch"]
[Site "Vancouver CAN"]
[Date "2005.01.29"]
[Round "2"]
[White "Davies, Noam"]
[Black "Roper, David"]
[Result "0-1"]
[WhiteElo "2008"]
[BlackElo "2089"]
[PlyCount "76"]
[GameId "2160767911031420"]
[EventDate "2005.01.28"]
[EventType "swiss"]
[EventRounds "5"]
[EventCountry "CAN"]

1. e4 c5 2. Nf3 e6 3. d4 cxd4 4. Nxd4 a6 5. Bd3 b5 6. O-O Bb7 7. Qe2 Nf6 8. Kh1 Be7 9. f4 h5 10. e5 Ng4 11. Nd2 Qb6 12. c3 Nc6 13. Be4 Rc8 14. N2f3 Bc5 15. Be3 Nxe3 16. Qxe3 h4 17. Rad1 h3 18. g4 b4 19. f5 Ne7 20. fxe6 dxe6 21. Ng5 Bxd4 22. cxd4 Rc2 23. Nxf7 O-O 24. Ng5 Rxf1+ 25. Rxf1 Bxe4+ 26. Nxe4 Qc6 27. Qf3 Ng6 28. Kg1 Rg2+ 29. Kh1 Rxb2 30. Qf7+ Kh7 31. Qf3 Qd5 32. Qxh3+ Kg8 33. Qf3 Rxa2 34. Rc1 Nh4 35. Qe3 Rd2 36. g5 Rxd4 37. Rc8+ Kf7 38. Qf4+ Kg6 0-1

[Event "Class ch"]
[Site "Vancouver CAN"]
[Date "2005.01.29"]
[Round "2"]
[White "Neufahrt, Gerhard"]
[Black "Pechisker, Alfred"]
[Result "1-0"]
[WhiteElo "1965"]
[BlackElo "2192"]
[PlyCount "75"]
[GameId "2160767911031421"]
[EventDate "2005.01.28"]
[EventType "swiss"]
[EventRounds "5"]
[EventCountry "CAN"]

1. d4 Nf6 2. Nf3 c5 3. d5 e6 4. c4 exd5 5. cxd5 d6 6. Nc3 Na6 7. e4 Nc7 8. Bd3 Be7 9. Bf4 O-O 10. h3 a6 11. a4 Rb8 12. O-O b5 13. a5 c4 14. Bb1 Nfe8 15. Nd4 Bd7 16. e5 dxe5 17. Bxe5 Bd6 18. Bxd6 Nxd6 19. Qh5 g6 20. Qe5 Nce8 21. f4 Qf6 22. Ne4 Nxe4 23. Bxe4 Rc8 24. Rac1 Qd6 25. Nc6 Bxc6 26. dxc6 Qxe5 27. fxe5 Nc7 28. Rcd1 Rfd8 29. Rd6 Re8 30. Rd7 Rxe5 31. Rfxf7 Rxe4 32. Rg7+ Kf8 33. Rxh7 Kg8 34. Rxc7 Rxc7 35. Rxc7 Re6 36. Rc8+ Kf7 37. c7 Rc6 38. Rh8 1-0

[Event "Class ch"]
[Site "Vancouver CAN"]
[Date "2005.??.??"]
[Round "3"]
[White "Yip, Michael"]
[Black "Sladek, Vaclav"]
[Result "1-0"]
[WhiteElo "2025"]
[BlackElo "2045"]
[PlyCount "89"]
[GameId "2160767911031423"]
[EventDate "2005.01.28"]
[EventType "swiss"]
[EventRounds "5"]
[EventCountry "CAN"]
[SourceTitle "EXT 2007"]
[Source "ChessBase"]
[SourceDate "2006.11.23"]
[SourceVersion "1"]
[SourceVersionDate "2006.11.23"]
[SourceQuality "1"]

1. d4 Nf6 2. c4 e6 3. Nc3 Bb4 4. Qc2 O-O 5. a3 Bxc3+ 6. Qxc3 b6 7. Bg5 Bb7 8. e3 h6 9. Bh4 d6 10. Nf3 Nbd7 11. Be2 c5 12. dxc5 Nxc5 13. O-O Rc8 14. Rfd1 Qe7 15. b4 Nce4 16. Qb2 d5 17. Rac1 Rfd8 18. cxd5 Bxd5 19. Nd4 g5 20. Bg3 Nxg3 21. hxg3 Bb7 22. Rxc8 Rxc8 23. Nb5 Ra8 24. Qe5 Bd5 25. Rc1 Ne8 26. e4 Bb7 27. f3 a5 28. bxa5 bxa5 29. a4 Qb4 30. Rc4 Qe1+ 31. Bf1 Ba6 32. Rc6 Qb4 33. Qd4 Qxd4+ 34. Nxd4 Bxf1 35. Kxf1 Nf6 36. Rc5 Nd7 37. Rb5 Ra6 38. Nb3 Kf8 39. Ke2 Ke7 40. Rb7 Rb6 41. Nxa5 Rxb7 42. Nxb7 Nb8 43. Kd3 Kd7 44. Kc4 Kc6 45. Nd8+ 1-0